[Event "WUCC op (Women) 11th"]
[Site "Zuerich"]
[Date "2010.09.10"]
[Round "7"]
[White "Naydenova, Yordanka"]
[Black "Dale, Hannah"]
[Result "1-0"]
[WhiteElo "1924"]
[BlackElo "1779"]
[PlyCount "111"]
[EventDate "2010.09.05"]
[EventType "swiss"]
[EventRounds "9"]
[EventCountry "SUI"]
[SourceTitle "CBM 138 Extra"]
[Source "ChessBase"]
[SourceDate "2010.10.29"]
[SourceVersion "1"]
[SourceVersionDate "2010.10.29"]
[SourceQuality "1"]

1. e4 e6 2. d4 d5 3. Nd2 Nf6 4. e5 Nfd7 5. f4 c5 6. c3 Nc6 7. Ndf3 a6 8. Bd3 b5 9. Ne2 Be7 10. 0-0 b4 11. g4 f6 12. Be3 Qb6 13. Qd2 bxc3 14. bxc3 cxd4 15. cxd4 Bb4 16. Qc1 Bb7 17. a3 Ba5 18. Rb1 Qa7 19. Bf2 Rc8 20. Qe3 fxe5 21. fxe5 Bd8 22. Ng5 Nf8 23. Qf4 Bxg5 24. Qxg5 Rc7 25. Be3 Bc8 26. Rf3 Rf7 27. Rbf1 Rxf3 28. Rxf3 Qe7 29. Qh5+ g6 30. Qh6 Rg8 31. Bg5 Qg7 32. Qh4 Qa7 33. Qf2 Qg7 34. Nc3 Qa7 35. Be3 Qe7 36. a4 Nb4 37. Bb1 Qc7 38. Qb2 Qc4 39. a5 Nc6 40. Ba2 Qb4 41. Qxb4 Nxb4 42. Bd2 Nc6 43. Ne2 Rg7 44. Rb3 Rb7 45. Kf2 Nd7 46. Rxb7 Bxb7 47. Ke3 Na7 48. Nf4 Kf7 49. h4 Nb5 50. Bb4 Nc7 51. Bb1 Kg7 52. Bd6 Nb5 53. Be7 Nb8 54. Bf6+ Kf7 55. h5 gxh5 56. Bxh7 1-0

[Event "WUCC op (Women) 11th"]
[Site "Zuerich"]
[Date "2010.09.10"]
[Round "8"]
[White "Naydenova, Yordanka"]
[Black "Hoolt, Sarah"]
[Result "0-1"]
[WhiteElo "1924"]
[BlackElo "2251"]
[PlyCount "102"]
[EventDate "2010.09.05"]
[EventType "swiss"]
[EventRounds "9"]
[EventCountry "SUI"]
[SourceTitle "CBM 138 Extra"]
[Source "ChessBase"]
[SourceDate "2010.10.29"]
[SourceVersion "1"]
[SourceVersionDate "2010.10.29"]
[SourceQuality "1"]

1. e4 c5 2. Nc3 Nc6 3. g3 g6 4. Bg2 Bg7 5. Nge2 d6 6. d3 e6 7. Be3 Nd4 8. 0-0 Ne7 9. Rb1 0-0 10. Qd2 Nec6 11. a3 a5 12. Rfc1 Rb8 13. Bh6 b5 14. Bxg7 Kxg7 15. Nxd4 Nxd4 16. Ne2 Nxe2+ 17. Qxe2 e5 18. c3 Qb6 19. Qe3 b4 20. axb4 axb4 21. c4 Ra8 22. Ra1 Bd7 23. Qe1 Qb7 24. Rxa8 Rxa8 25. Ra1 Ra6 26. Bf3 Qa7 27. Rxa6 Qxa6 28. Qb1 Qa5 29. Bd1 h6 30. Kg2 Bc6 31. Bb3 f5 32. f3 Kf6 33. Qa2 Qxa2 34. Bxa2 Ba4 35. b3 Bd7 36. h3 h5 37. Bb1 h4 38. g4 Kg5 39. Bc2 Kf4 40. Kf2 fxg4 41. fxg4 Bxg4 42. hxg4 Kxg4 43. Bd1+ Kf4 44. Be2 g5 45. Bf3 h3 46. Bh1 g4 47. Ke2 Kg3 48. Kf1 Kh2 49. Kf2 Kxh1 50. Kg3 Kg1 51. Kxg4 h2 0-1

[Event "WUCC op (Women) 11th"]
[Site "Zuerich"]
[Date "2010.09.05"]
[Round "1"]
[White "Naydenova, Yordanka"]
[Black "Drljevic, Ljilja"]
[Result "0-1"]
[WhiteElo "1924"]
[BlackElo "2273"]
[PlyCount "74"]
[EventDate "2010.09.05"]
[EventType "swiss"]
[EventRounds "9"]
[EventCountry "SUI"]
[SourceTitle "CBM 138 Extra"]
[Source "ChessBase"]
[SourceDate "2010.10.29"]
[SourceVersion "1"]
[SourceVersionDate "2010.10.29"]
[SourceQuality "1"]

1. e4 d6 2. d3 g6 3. g3 Bg7 4. Bg2 c5 5. c4 Nc6 6. Ne2 Nf6 7. Nbc3 0-0 8. 0-0 a6 9. f4 Rb8 10. f5 b5 11. Nf4 bxc4 12. dxc4 Ne5 13. fxg6 hxg6 14. b3 Nfg4 15. Qc2 Nc6 16. h3 Nd4 17. Qd2 Ne5 18. Bb2 Bd7 19. Rad1 a5 20. Nce2 Nxc4 21. bxc4 Rxb2 22. Qxb2 Nf3+ 23. Rxf3 Bxb2 24. Rb1 Bg7 25. Rfb3 a4 26. Rb7 Bc6 27. R7b6 Qc7 28. Nd5 Bxd5 29. exd5 a3 30. R1b3 Bb2 31. Rb7 Qa5 32. Rxe7 Qe1+ 33. Bf1 Qa1 34. Rb6 Be5 35. Ra6 Rb8 36. Rxa3 Rb2 37. Nf4 Bd4+ 0-1

[Event "Nikaia op 18th"]
[Site "Nikaia"]
[Date "2010.08.23"]
[Round "5"]
[White "Panagiotakos, Nikolaos"]
[Black "Naydenova, Yordanka"]
[Result "1-0"]
[WhiteElo "2169"]
[BlackElo "1788"]
[PlyCount "65"]
[EventDate "2010.08.20"]
[EventType "swiss"]
[EventRounds "9"]
[EventCountry "GRE"]
[SourceTitle "CBM 138 Extra"]
[Source "ChessBase"]
[SourceDate "2010.10.29"]
[SourceVersion "1"]
[SourceVersionDate "2010.10.29"]
[SourceQuality "1"]

1. e4 e5 2. Nf3 Nc6 3. d4 exd4 4. Nxd4 Nf6 5. Nxc6 bxc6 6. e5 Qe7 7. Qe2 Nd5 8. c4 Ba6 9. b3 g6 10. g3 Bg7 11. Bb2 0-0-0 12. Nd2 Rhe8 13. 0-0-0 Nb6 14. f4 d5 15. Qe3 f6 16. c5 Bxf1 17. cxb6 Ba6 18. bxa7 Kb7 19. Nf3 Qb4 20. Rhe1 fxe5 21. fxe5 c5 22. e6 d4 23. Qf4 Re7 24. Ne5 Rxe6 25. Qf3+ Kxa7 26. Nc6+ Rxc6 27. Qxc6 Bh6+ 28. Kb1 Rf8 29. Qxc7+ Bb7 30. Re5 Rc8 31. Qxh7 Bd2 32. Re7 Ka8 33. Rxb7 1-0

[Event "BUL-ch op (Women) 20th"]
[Site "Vratsa"]
[Date "2010.07.25"]
[Round "1"]
[White "Voiska, Margarita"]
[Black "Naydenova, Yordanka"]
[Result "1-0"]
[WhiteElo "2330"]
[BlackElo "1925"]
[PlyCount "109"]
[EventDate "2010.07.25"]
[EventType "swiss"]
[EventRounds "9"]
[EventCountry "BUL"]
[SourceTitle "CBM 137 Extra"]
[Source "ChessBase"]
[SourceDate "2010.09.01"]
[SourceVersion "1"]
[SourceVersionDate "2010.09.01"]
[SourceQuality "1"]

1. Nf3 Nf6 2. c4 g6 3. Nc3 Bg7 4. e4 d6 5. d4 Nbd7 6. e5 dxe5 7. dxe5 Ng4 8. e6 fxe6 9. Ng5 Nde5 10. Qxd8+ Kxd8 11. Be2 Nh6 12. Bf4 c6 13. 0-0 Ke8 14. Rfe1 Nhf7 15. Bf1 h6 16. Nxf7 Nxf7 17. c5 e5 18. Bg3 Bf5 19. Bc4 e6 20. f4 e4 21. Nxe4 Bxb2 22. Rab1 Bd4+ 23. Bf2 Bxf2+ 24. Kxf2 Rb8 25. g4 Bxe4 26. Rxe4 Nd8 27. Rbe1 Rf8 28. Kg3 Rf6 29. h4 Kf7 30. g5 hxg5 31. hxg5 Rf5 32. Rxe6 Nxe6 33. Bxe6+ Kg7 34. Bxf5 gxf5 35. Re7+ Kg6 36. Rd7 a6 37. Kf3 a5 38. a4 b5 39. Rd6+ Kg7 40. axb5 Rxb5 41. Rxc6 a4 42. Ra6 Rb3+ 43. Ke2 Rb4 44. Ke3 Re4+ 45. Kf3 Rc4 46. c6 a3 47. Ke3 a2 48. Rxa2 Rxc6 49. Ra5 Kg6 50. Kd4 Rb6 51. Ke5 Rc6 52. Rd5 Rc1 53. Rd6+ Kg7 54. Kxf5 Re1 55. Rd7+ 1-0

[Event "BUL-ch U20 Girls"]
[Site "Sofia"]
[Date "2010.03.13"]
[Round "8"]
[White "Naydenova, Yordanka"]
[Black "Venkova, Polina"]
[Result "1/2-1/2"]
[WhiteElo "1926"]
[BlackElo "1818"]
[PlyCount "84"]
[EventDate "2010.03.08"]
[EventType "tourn"]
[EventRounds "9"]
[EventCountry "BUL"]
[SourceTitle "CBM 135 Extra"]
[Source "ChessBase"]
[SourceDate "2010.05.04"]
[SourceVersion "1"]
[SourceVersionDate "2010.05.04"]
[SourceQuality "1"]

1. e4 d6 2. d4 g6 3. Nf3 Bg7 4. Bc4 Nf6 5. Nc3 0-0 6. 0-0 a6 7. a4 b6 8. h3 Bb7 9. Bd3 Nfd7 10. Be3 e5 11. Qd2 exd4 12. Bxd4 Ne5 13. Nxe5 dxe5 14. Be3 Nd7 15. Rad1 Qe7 16. Bc4 Rad8 17. Bg5 Bf6 18. Bxf6 Nxf6 19. Qe3 Rxd1 20. Rxd1 Rd8 21. f3 Rxd1+ 22. Nxd1 Nh5 23. Nf2 Nf4 24. Nd3 Nxd3 25. Qxd3 a5 26. b3 Kg7 27. Bd5 c6 28. Bc4 Bc8 29. c3 Bb7 30. Qe3 Qd8 31. Kh2 c5 32. Qd3 Qe7 33. Bb5 Bc8 34. Qd5 Qf6 35. Qc6 Be6 36. Qxb6 Qf4+ 37. Kg1 Qc1+ 38. Kh2 Qxc3 39. Bc4 Bxc4 40. bxc4 Qxc4 41. Qxa5 Qc1 42. Qc7 Qf4+ 1/2-1/2

[Event "Sofia MGU op 04th"]
[Site "Sofia"]
[Date "2010.03.07"]
[Round "4"]
[White "Naydenova, Yordanka"]
[Black "Andreev, Dobrotich"]
[Result "0-1"]
[WhiteElo "1926"]
[BlackElo "2071"]
[PlyCount "62"]
[EventDate "2010.03.06"]
[EventType "swiss"]
[EventRounds "6"]
[EventCountry "BUL"]
[SourceTitle "CBM 135 Extra"]
[Source "ChessBase"]
[SourceDate "2010.05.04"]
[SourceVersion "1"]
[SourceVersionDate "2010.05.04"]
[SourceQuality "1"]

1. e4 c6 2. d3 d5 3. Nd2 Nf6 4. Ngf3 Bg4 5. g3 dxe4 6. dxe4 Nxe4 7. Bg2 Nxd2 8. Bxd2 e6 9. 0-0 Be7 10. Qe2 0-0 11. Rad1 Qb6 12. Bc3 Rd8 13. Rxd8+ Qxd8 14. Rd1 Qe8 15. Qc4 Bxf3 16. Bxf3 Nd7 17. Qd3 Nb6 18. b3 Rd8 19. Qe2 Rxd1+ 20. Qxd1 Qd7 21. Ba5 Qxd1+ 22. Bxd1 Nd7 23. c4 Bf6 24. Bc2 b6 25. Bb4 c5 26. Bd2 Bd4 27. Kg2 g6 28. f4 f6 29. Be4 Kf7 30. Bc6 Nf8 31. Kf3 Ke7 0-1

[Event "Baharov Memorial op 17th"]
[Site "Sofia"]
[Date "2009.11.19"]
[Round "2"]
[White "Vlashki, Nino"]
[Black "Naydenova, Yordanka"]
[Result "1-0"]
[WhiteElo "2262"]
[BlackElo "1764"]
[PlyCount "75"]
[EventDate "2009.11.18"]
[EventType "swiss"]
[EventRounds "7"]
[EventCountry "BUL"]
[SourceTitle "CBM 133 Extra"]
[Source "ChessBase"]
[SourceDate "2010.01.05"]
[SourceVersion "1"]
[SourceVersionDate "2010.01.05"]
[SourceQuality "1"]

1. d4 d5 2. a3 Nf6 3. Nf3 e6 4. Bf4 c5 5. c3 Nc6 6. b4 cxd4 7. cxd4 a6 8. e3 Bd6 9. Bxd6 Qxd6 10. Nbd2 0-0 11. Be2 Bd7 12. 0-0 Rfc8 13. Rb1 Rc7 14. Rb2 Rac8 15. Nb3 Ne4 16. Nc5 Nc3 17. Qd2 Nxe2+ 18. Qxe2 Be8 19. a4 Na7 20. Rd1 Qe7 21. Re1 Ra8 22. Ne5 Nc6 23. Nxc6 Bxc6 24. b5 axb5 25. axb5 b6 26. Na6 Rca7 27. bxc6 Rxa6 28. g3 Qc7 29. Qb5 Ra1 30. Rxa1 Rxa1+ 31. Kg2 Rc1 32. Qxb6 Qxb6 33. Rxb6 Kf8 34. g4 Ke8 35. Rb8+ Ke7 36. Rb7+ Ke8 37. c7 g5 38. Rb8+ 1-0

[Event "EU-ch U18 Girls 18th"]
[Site "Herceg Novi"]
[Date "2008.09.17"]
[Round "3"]
[White "Tonel, Giulia"]
[Black "Naydenova, Yordanka"]
[Result "1-0"]
[WhiteElo "1983"]
[BlackElo "1807"]
[PlyCount "49"]
[EventDate "2008.09.15"]
[EventType "swiss"]
[EventRounds "9"]
[EventCountry "MNE"]
[SourceTitle "CBM 126 Extra"]
[Source "ChessBase"]
[SourceDate "2008.11.05"]
[SourceVersion "1"]
[SourceVersionDate "2008.11.05"]
[SourceQuality "1"]

1. e4 e5 2. f4 Bc5 3. Nf3 d6 4. c3 Nc6 5. d4 exd4 6. cxd4 Bb4+ 7. Bd2 Bxd2+ 8. Qxd2 Nf6 9. Nc3 0-0 10. Bd3 Nb4 11. Bb1 Re8 12. 0-0 c6 13. a3 Na6 14. Qd3 g6 15. f5 d5 16. fxg6 hxg6 17. e5 Bf5 18. Qd2 Ne4 19. Qh6 f6 20. Nh4 Kf7 21. Qh7+ Ke6 22. Nxf5 gxf5 23. Qxf5+ Ke7 24. Qh7+ Ke6 25. Nxe4 1-0

[Event "EU-ch U18 Girls 17th"]
[Site "Sibenik"]
[Date "2007.09.20"]
[Round "7"]
[White "Le Bail, Clara"]
[Black "Naydenova, Yordanka"]
[Result "1-0"]
[WhiteElo "1981"]
[BlackElo "1749"]
[PlyCount "43"]
[EventDate "2007.09.14"]
[EventType "swiss"]
[EventRounds "9"]
[EventCountry "CRO"]
[SourceTitle "CBM 120 Extra"]
[Source "ChessBase"]
[SourceDate "2007.11.01"]
[SourceVersion "1"]
[SourceVersionDate "2007.11.01"]
[SourceQuality "1"]

1. c4 e5 2. Nc3 Nc6 3. g3 g6 4. Bg2 Bg7 5. d3 Nge7 6. e4 d6 7. Nge2 Be6 8. 0-0 Qd7 9. Nd5 Ng8 10. Rb1 h5 11. f4 Nd4 12. Nxd4 exd4 13. f5 Bxd5 14. exd5 0-0-0 15. fxg6 fxg6 16. Bg5 Rf8 17. Rxf8+ Bxf8 18. Qf1 Qg7 19. Re1 Be7 20. Qe2 Kd8 21. Qe6 Nf6 22. Bh3 1-0

[Event "EU-ch U18 Girls 17th"]
[Site "Sibenik"]
[Date "2007.09.19"]
[Round "6"]
[White "Naydenova, Yordanka"]
[Black "Brankov, Kristina"]
[Result "1-0"]
[WhiteElo "1749"]
[BlackElo "1918"]
[PlyCount "63"]
[EventDate "2007.09.14"]
[EventType "swiss"]
[EventRounds "9"]
[EventCountry "CRO"]
[SourceTitle "CBM 120 Extra"]
[Source "ChessBase"]
[SourceDate "2007.11.01"]
[SourceVersion "1"]
[SourceVersionDate "2007.11.01"]
[SourceQuality "1"]

1. e4 e5 2. Nf3 Nc6 3. Bc4 Bc5 4. c3 Nf6 5. d3 0-0 6. 0-0 d5 7. exd5 Nxd5 8. b4 Bb6 9. b5 Na5 10. Nxe5 Qd6 11. Nf3 Bg4 12. Ba3 Bc5 13. Bxd5 Qxd5 14. Bxc5 Qxc5 15. a4 Rad8 16. d4 Qc4 17. Nfd2 Qe6 18. Qc1 Rd5 19. f3 Bh5 20. Rf2 Qe3 21. Na3 Qe6 22. c4 Rxd4 23. Qc3 Qe5 24. Nc2 Rd5 25. Qxa5 Rd3 26. Qb4 Rfd8 27. Re1 Qf6 28. Rfe2 h6 29. Ne3 Qg5 30. Ne4 Qg6 31. Ng3 R3d6 32. Nef5 1-0

[Event "EU-ch U18 Girls 17th"]
[Site "Sibenik"]
[Date "2007.09.18"]
[Round "5"]
[White "Ivekovic, Ivana"]
[Black "Naydenova, Yordanka"]
[Result "1/2-1/2"]
[WhiteElo "1918"]
[BlackElo "1749"]
[PlyCount "86"]
[EventDate "2007.09.14"]
[EventType "swiss"]
[EventRounds "9"]
[EventCountry "CRO"]
[SourceTitle "CBM 120 Extra"]
[Source "ChessBase"]
[SourceDate "2007.11.01"]
[SourceVersion "1"]
[SourceVersionDate "2007.11.01"]
[SourceQuality "1"]

1. d4 Nf6 2. Nf3 e6 3. c4 c5 4. d5 d6 5. Nc3 e5 6. e4 Be7 7. Be2 0-0 8. 0-0 Ne8 9. Ne1 Nd7 10. f4 a6 11. Kh1 Rb8 12. Nf3 Bf6 13. f5 g6 14. g4 gxf5 15. exf5 Bg7 16. Rg1 Nc7 17. g5 f6 18. Qe1 fxg5 19. Bxg5 Nf6 20. Ne4 Kh8 21. Nh4 b5 22. Bh5 Qd7 23. Nxf6 Bxf6 24. Bxf6+ Rxf6 25. Ng6+ hxg6 26. Bxg6 Rxg6 27. Rxg6 Qh7 28. Qe3 Bxf5 29. Rh6 Be4+ 30. Kg1 Rg8+ 31. Kf1 Bd3+ 32. Kf2 Rf8+ 33. Kg3 Rg8+ 34. Kh4 bxc4 35. Rxh7+ Kxh7 36. Qf3 Rg6 37. Kh3 Kh6 38. Qf8+ Kh7 39. Qf7+ Kh6 40. Qf8+ Kh7 41. Qf3 Kh6 42. Qe3+ Kh5 43. Qf3+ Kh6 1/2-1/2

[Event "EU-ch U18 Girls 17th"]
[Site "Sibenik"]
[Date "2007.09.17"]
[Round "4"]
[White "Naydenova, Yordanka"]
[Black "Kaniak, Justyna"]
[Result "0-1"]
[WhiteElo "1749"]
[BlackElo "1942"]
[PlyCount "84"]
[EventDate "2007.09.14"]
[EventType "swiss"]
[EventRounds "9"]
[EventCountry "CRO"]
[SourceTitle "CBM 120 Extra"]
[Source "ChessBase"]
[SourceDate "2007.11.01"]
[SourceVersion "1"]
[SourceVersionDate "2007.11.01"]
[SourceQuality "1"]

1. e4 e5 2. Nf3 Nc6 3. Bc4 Nf6 4. d3 Bc5 5. h3 d6 6. Nc3 Be6 7. Bb3 Qd7 8. Be3 Bb6 9. Qd2 0-0 10. Bg5 Ne8 11. g4 Nd4 12. Nxd4 Bxd4 13. 0-0-0 c6 14. Rdf1 Nc7 15. Ne2 Bb6 16. f4 Bxb3 17. axb3 a5 18. f5 f6 19. Bh4 a4 20. bxa4 Rxa4 21. Nc3 Ra1+ 22. Nb1 Qf7 23. b3 Ba5 24. Qe3 Bc3 25. Be1 Bd4 26. Qg3 Rfa8 27. Bf2 Rxb1+ 28. Kd2 Rxf1 29. Rxf1 Nb5 30. g5 Bxf2 31. Rxf2 fxg5 32. Qxg5 Qf6 33. Qg3 Nd4 34. h4 d5 35. Rg2 b5 36. h5 b4 37. Qe3 Kf7 38. Rh2 Qh6 39. Qxh6 gxh6 40. Rg2 Rg8 41. Rf2 Rg5 42. exd5 cxd5 0-1

[Event "BUL-ch (Women) qual"]
[Site "Pleven"]
[Date "2006.02.02"]
[Round "8"]
[White "Naydenova, Yordanka"]
[Black "Dilova, Monika"]
[Result "1-0"]
[WhiteElo "1850"]
[BlackElo "1904"]
[PlyCount "71"]
[EventDate "2006.01.28"]
[EventType "swiss"]
[EventRounds "9"]
[EventCountry "BUL"]
[SourceTitle "CBM 110 Extra"]
[Source "ChessBase"]
[SourceDate "2006.03.10"]
[SourceVersion "2"]
[SourceVersionDate "2006.03.10"]
[SourceQuality "1"]

1. e4 c5 2. Nc3 Nc6 3. g3 g6 4. Bg2 Bg7 5. d3 e6 6. Nge2 Nge7 7. Be3 Nd4 8. 0-0 0-0 9. Rb1 Nec6 10. a3 a5 11. Qd2 d6 12. Nd1 b5 13. Nxd4 Nxd4 14. f4 b4 15. c3 Nc6 16. f5 exf5 17. exf5 Qc7 18. f6 Bh8 19. Bh6 Re8 20. Ne3 Be6 21. d4 cxd4 22. cxd4 d5 23. Rbc1 Qd6 24. Rc5 Ne5 25. Nxd5 Bxd5 26. Rxd5 Qb6 27. Rxe5 Bxf6 28. Rxe8+ Rxe8 29. Kh1 Bxd4 30. Bd5 Re7 31. Qg5 Qa7 32. axb4 axb4 33. b3 Rd7 34. Bxf7+ Kh8 35. Bd5 Qc5 36. Rf8+ 1-0